[Event "Challenge"]
[Site "http://www.queenalice.com/game.php?id=241432"]
[Date "2007.7.17"]
[Round "-"]
[White "midnightcowboy"]
[Black "FAZquem"]
[Result "1-0"]
[WhiteElo "1484"]
[BlackElo "1442"]

1. e4 e5 2. Bc4 Nc6 3. c3 Qg5 4. Nf3 Qxg2 5. Rg1 Qh3 6. Rg3 Qh5 7. d3 d6 8. h4
Be7 9. Rg5 Bxg5 10. Bxg5 Bg4 11. Nbd2 f6 12. Be3 g5 13. Qb3 O-O-O 14. Bd5 Na5
15. Qb4 b6 16. Qb5 Ne7 17. Qa6+ Kd7 18. Qb5+ c6 19. Qa4 gxh4 20. Bb3 Bxf3 21.
Nxf3 Qxf3 22. Bd1 Qh1+ 23. Kd2 Qg2 24. d4 h3 25. d5 Ke8 26. Bh5+ Kf8 27. dxc6
1-0

[Event "Challenge"]
[Site "http://www.queenalice.com/game.php?id=241433"]
[Date "2007.7.17"]
[Round "-"]
[White "midnightcowboy"]
[Black "anakarine"]
[Result "0-1"]
[WhiteElo "1485"]
[BlackElo "1292"]

1. e4 e5 2. Bc4 Qe7 3. Nc3 Qc5 4. Nf3 Qxc4 5. d3 Qe6 6. O-O Bb4 7. Bd2 h6 8. Nd5
Bd6 9. Bc3 c6 10. Ne3 Nf6 11. Nf5 O-O 12. Nxd6 Qxd6 13. Bxe5 Qe6 14. Bxf6 Qxf6
15. e5 Qe6 16. Re1 Na6 17. d4 Nb4 18. c3 Nxa2 19. Qa4 Nxc3 20. bxc3 d6 21. exd6
Qxd6 22. Re3 Bd7 23. Qb3 b5 24. Ne5 Be6 25. Qb4 Qxb4 26. cxb4 Bd5 27. Ra6 Rfc8
28. Rc3 Be4 29. Nxc6 Bxc6 30. Raxc6 Rxc6 31. Rxc6 a5 32. Rb6 a4 33. Rc6 a3 34.
Rc1 a2 35. Ra1 Rc8 36. d5 Rc4 37. h3 Rd4 38. Rxa2 Rxd5 39. Rc2 Rd4 40. Rb2 Rd1+
41. Kh2 Kf8 0-1

[Event "AUTO-OPEN-753"]
[Site "http://www.queenalice.com/game.php?id=243801"]
[Date "2007.7.22"]
[Round "1"]
[White "kasparosaure"]
[Black "midnightcowboy"]
[Result "1-0"]
[WhiteElo "1759"]
[BlackElo "1558"]

1. e4 e5 2. Nf3 d6 3. Bc4 Qf6 4. O-O Bg4 5. d3 h6 6. Nbd2 Nc6 7. c3 O-O-O 8. Qb3
Bxf3 9. Nxf3 Na5 10. Qa4 Nxc4 11. dxc4 a6 12. b4 Kb8 13. Be3 d5 14. cxd5 Rd6 15.
Qe8+ Rd8 16. Qxe5 Bd6 17. Qd4 Qxd4 18. Bxd4 f6 19. Nh4 Ne7 20. f4 c6 21. Bb6 Bc7
22. Bxc7+ Kxc7 23. c4 g5 24. fxg5 fxg5 25. Rf7 Rde8 26. Ng6 Kd6 27. e5+ Kd7 28.
d6 Ke6 29. Rxe7+ Rxe7 30. Nxh8 Rg7 31. Rd1 Rg8 32. d7 Ke7 33. Ng6+ Kd8 34. Rd6
1-0

[Event "AUTO-OPEN-753"]
[Site "http://www.queenalice.com/game.php?id=243802"]
[Date "2007.7.22"]
[Round "1"]
[White "midnightcowboy"]
[Black "kasparosaure"]
[Result "0-1"]
[WhiteElo "1703"]
[BlackElo "1738"]

1. e4 Nf6 2. d3 d5 3. Bg5 dxe4 4. Bxf6 gxf6 5. d4 Bh6 6. Nc3 Nc6 7. Bb5 Bd7 8.
Bxc6 Bxc6 9. d5 Bd7 10. Nxe4 Bf5 11. Nc5 b6 12. Nb3 Be4 13. Rc1 Bxc1 14. Nxc1
Bxg2 15. f3 Bxh1 16. Kf2 Qd6 17. Kf1 Qxh2 18. Qe2 Qxe2+ 19. Ncxe2 Rg8 20. Nf4
Rxg1+ 21. Kxg1 Bxf3 22. c4 O-O-O 23. Kf2 Be4 24. Ke3 Bg6 25. b3 Bb1 26. a3 Ba2
0-1

[Event "AUTO-OPEN-753"]
[Site "http://www.queenalice.com/game.php?id=243829"]
[Date "2007.7.22"]
[Round "1"]
[White "J_Ricardo"]
[Black "midnightcowboy"]
[Result "0-1"]
[WhiteElo "1506"]
[BlackElo "1500"]

1. e4 e5 2. Nf3 d6 3. Bc4 Bg4 4. h3 Bxf3 5. Qxf3 Nf6 6. d3 h6 7. Nd2 Be7 8. Nf1
a6 9. Ne3 b5 10. Bb3 Nc6 11. Ng4 Nd4 12. Qg3 Nxb3 13. axb3 Nxg4 14. Qxg4 Qd7 15.
Qxg7 O-O-O 16. Qxf7 Rdf8 17. Qd5 c6 18. Rxa6 cxd5 19. exd5 Qb7 20. Ra3 Qxd5 21.
b4 Qxg2 22. Rf1 Qxh3 23. d4 Qh4 24. dxe5 dxe5 25. Be3 Bxb4+ 26. c3 Bxa3 27. bxa3
Qc4 28. Rg1 Qxc3+ 29. Bd2 Qa1+ 0-1

[Event "AUTO-OPEN-753"]
[Site "http://www.queenalice.com/game.php?id=243830"]
[Date "2007.7.22"]
[Round "1"]
[White "midnightcowboy"]
[Black "J_Ricardo"]
[Result "1-0"]
[WhiteElo "1581"]
[BlackElo "1489"]

1. e4 e5 2. Bc4 Nf6 3. d3 Bc5 4. Bg5 h6 5. Bxf6 Qxf6 6. Nf3 d6 7. O-O Nc6 8. a3
Bg4 9. Nbd2 O-O 10. h3 Bxf3 11. Nxf3 Rad8 12. Bd5 a6 13. Bxc6 bxc6 14. b4 Bb6
15. a4 c5 16. a5 Ba7 17. bxc5 Bxc5 18. c3 Rd7 19. Qa4 c6 20. Qxc6 Re7 21. Qxa6
Ra7 22. Qb5 Qe7 23. Rfb1 Rc7 24. d4 exd4 25. cxd4 Rb7 26. Qd3 Rb4 27. dxc5 dxc5
28. Rxb4 cxb4 29. a6 Qf6 30. Ra4 Rb8 31. Qb3 Qd6 32. a7 Rc8 33. a8=Q Qd7 34.
Qxc8+ Qxc8 35. Rxb4 Kh7 36. e5 Qe8 37. Rb8 Qe7 38. Rb7 Qe6 39. Qxe6 fxe6 40. Re7
Kg6 41. Rxe6+ Kf5 42. Rb6 g5 43. Rxh6 Kf4 44. e6 g4 45. hxg4 Ke4 46. e7 Kf4 47.
e8=Q Kxg4 48. Qe4# 1-0

[Event "AUTO-OPEN-753"]
[Site "http://www.queenalice.com/game.php?id=243849"]
[Date "2007.7.22"]
[Round "1"]
[White "midnightcowboy"]
[Black "ajbsantos"]
[Result "1-0"]
[WhiteElo "1379"]
[BlackElo "1295"]

1. e4 e5 2. Bc4 Nf6 3. d3 Nc6 4. Bg5 Be7 5. Bxf6 Bxf6 6. Nc3 O-O 7. Nd5 Na5 8.
Qf3 Be7 9. Nxe7+ Qxe7 10. Ne2 Nxc4 11. dxc4 Qb4+ 12. Qc3 Qxc3+ 13. Nxc3 d6 14.
O-O-O Be6 15. Nd5 Bxd5 16. Rxd5 a6 17. c5 Rad8 18. Rhd1 f6 19. cxd6 cxd6 20.
Rxd6 Rc8 21. g3 Rfe8 22. Rd7 Rb8 23. f3 Kf8 24. R1d6 Re7 25. Rd8+ Rxd8 26. Rxd8+
Kf7 27. c4 Ke6 28. Rd2 Rc7 29. b3 b5 30. Rc2 b4 31. f4 a5 32. f5+ Kd6 33. g4 Kc5
34. Rd2 g6 35. Rd5+ Kb6 36. Rd6+ Rc6 37. Re6 Kc5 38. Re7 gxf5 39. exf5 h6 40.
Ra7 Rd6 41. Rxa5+ Kd4 42. Kb2 Kd3 43. Rd5+ Rxd5 44. cxd5 e4 45. Kc1 Ke2 46. d6
e3 47. d7 Kf2 48. d8=Q e2 49. Qd4+ Kf1 50. Qf4+ Ke1 51. Qxh6 Kf2 52. Qf4+ Ke1
53. Qe3 1-0

[Event "AUTO-OPEN-753"]
[Site "http://www.queenalice.com/game.php?id=243850"]
[Date "2007.7.22"]
[Round "1"]
[White "ajbsantos"]
[Black "midnightcowboy"]
[Result "1-0"]
[WhiteElo "1182"]
[BlackElo "1525"]

1. e4 e5 2. Nf3 d6 3. d4 Bg4 4. dxe5 Bxf3 5. Qxf3 dxe5 6. Bc4 Qf6 7. Qb3 b6 8.
O-O Bc5 9. Nc3 Nc6 10. Bd5 Na5 11. Qa4+ c6 12. b4 Bxb4 13. Qxb4 cxd5 14. Nxd5
Qd8 15. Ba3 Nf6 16. Qb5+ Qd7 17. Nc7+ Kd8 18. Rfd1 Kxc7 19. Rxd7+ Nxd7 20. Rd1
Nf6 21. Bd6+ Kb7 22. Be7 Rhc8 23. Bxf6 gxf6 24. Rd7+ Rc7 25. Qd5+ Nc6 26. Rxf7
Rd8 27. Rxc7+ Kxc7 28. Qf7+ Kb8 29. Qh5 Rd2 30. g3 Rxc2 31. Qxh7 Nd4 32. h4 Rxa2
33. Qg8+ Kb7 34. Qxa2 a5 35. h5 f5 36. h6 Nf3+ 37. Kg2 fxe4 38. h7 Nd4 39. h8=Q
Nf5 40. Qh7+ Ka6 41. Qc4+ b5 42. Qg6+ Kb7 43. Qcf7+ 1-0

[Event "Challenge"]
[Site "http://www.queenalice.com/game.php?id=244481"]
[Date "2007.7.23"]
[Round "-"]
[White "midnightcowboy"]
[Black "rmchacal"]
[Result "0-1"]
[WhiteElo "1404"]
[BlackElo "1498"]

1. e4 e5 2. Bc4 c6 3. Qf3 f6 4. Bxg8 Rxg8 5. d3 d5 6. Nc3 Qa5 7. Bd2 Qd8 8. Nge2
d4 9. Na4 Bd6 10. c3 b5 11. cxd4 bxa4 12. Nc3 exd4 13. Nxa4 Be5 14. Rc1 Bd7 15.
Nc5 Bc8 16. Qh5+ Kf8 17. Qxh7 Qe7 0-1

[Event "Challenge"]
[Site "http://www.queenalice.com/game.php?id=244690"]
[Date "2007.7.24"]
[Round "-"]
[White "midnightcowboy"]
[Black "cardi"]
[Result "0-1"]
[WhiteElo "1404"]
[BlackElo "1923"]

1. e4 e5 2. Bc4 Bc5 3. Qf3 Nf6 4. Qb3 O-O 5. d3 Nc6 6. Qb5 d6 7. h3 Nd4 8. Qa4
Bd7 9. Qa5 Nxc2+ 10. Ke2 Nxa1 11. Qc3 b5 12. Bb3 Bd4 13. Qe1 Nxb3 14. axb3 a5
15. Qd2 a4 16. b4 c5 17. bxc5 dxc5 18. Nf3 Bc6 19. Re1 c4 20. Kf1 cxd3 21. Qxd3
Qb6 22. Nxd4 Qxd4 23. Qxd4 exd4 24. e5 Nd7 25. Bf4 Nc5 26. Rc1 Bxg2+ 27. Kxg2
Nd3 28. Rd1 Nxf4+ 29. Kh2 d3 0-1

[Event "Let's Play Chess!"]
[Site "http://www.queenalice.com/game.php?id=254254"]
[Date "2007.8.11"]
[Round "-"]
[White "dtrainey"]
[Black "midnightcowboy"]
[Result "0-1"]
[WhiteElo "1477"]
[BlackElo "1441"]

1. d4 d5 2. e3 a6 3. Nc3 e6 4. a3 Nf6 5. h3 Bd6 6. b4 e5 7. f3 exd4 8. exd4 O-O
9. Nge2 Re8 10. Bg5 h6 11. Bxf6 Qxf6 12. Qd3 Qh4+ 13. g3 Bxg3+ 14. Kd2 Qg5+ 15.
f4 Bxf4+ 16. Kd1 Bf5 17. Qf3 Re3 18. Qg2 Qxg2 19. Bxg2 Be4 20. Bxe4 dxe4 21.
Nxf4 Rxc3 22. Nd5 Rc4 23. Ne7+ Kf8 24. Nf5 Nd7 25. d5 Rd4+ 26. Nxd4 Re8 27. Re1
Nf6 28. Ra2 Nxd5 29. h4 Nc3+ 30. Kd2 Nxa2 31. c3 g6 32. Kc2 e3 33. Kb2 Nxc3 34.
Kxc3 f5 35. Nc2 f4 36. Kd3 g5 37. hxg5 hxg5 38. Nd4 g4 39. Nf5 g3 40. Ke2 Re5
41. Nh6 Rh5 42. Ng4 Kf7 43. Rf1 Rf5 44. Nh6+ Kg6 45. Nxf5 Kxf5 46. Kd3 Kg4 47.
Ke4 g2 48. Rg1 Kg3 49. a4 Kf2 50. Rxg2+ Kxg2 51. Kxf4 e2 0-1

[Event "Let's Play Chess!"]
[Site "http://www.queenalice.com/game.php?id=254257"]
[Date "2007.8.11"]
[Round "-"]
[White "midnightcowboy"]
[Black "dtrainey"]
[Result "1-0"]
[WhiteElo "1414"]
[BlackElo "1514"]

1. e4 e5 2. Bc4 g6 3. Qf3 Qf6 4. d3 Qxf3 5. Nxf3 Nc6 6. Ng5 d5 7. Bxd5 Be6 8.
Bxe6 fxe6 9. Nxe6 Bd6 10. c4 Nd4 11. Nxd4 exd4 12. O-O Nf6 13. Bg5 Ng4 14. g3
O-O 15. h3 Ne5 16. Bh6 Rf3 17. Na3 Nxd3 18. Nc2 Be5 19. b3 Re8 20. Kg2 Rf7 21.
a3 Bd6 22. Nxd4 Rxe4 23. Be3 a6 24. Rad1 Ne5 25. Ne6 Bxa3 26. Nc5 Bxc5 27. Bxc5
b6 28. Ba3 c5 29. Rd2 Nf3 30. Rd6 b5 31. Bxc5 a5 32. cxb5 Nd2 33. Rxd2 Re5 34.
Rc2 Rc7 35. Bd4 Rxc2 36. Bxe5 Rd2 37. b6 Rd7 38. Ra1 Rb7 39. Bd4 Kf7 40. Rxa5 h6
41. Ra7 Rxa7 42. bxa7 1-0

[Event "Challenge"]
[Site "http://www.queenalice.com/game.php?id=254290"]
[Date "2007.8.11"]
[Round "-"]
[White "midnightcowboy"]
[Black "Spock"]
[Result "0-1"]
[WhiteElo "1464"]
[BlackElo "1614"]

1. e4 c5 2. Bc4 Nf6 3. e5 d5 4. Bb5+ Bd7 5. exf6 Bxb5 6. a4 Bd7 7. fxe7 Bxe7 8.
h3 c4 9. Nf3 O-O 10. O-O Qc7 11. Re1 Bc5 12. d4 Bd6 13. c3 Nc6 14. Na3 Rae8 15.
Nb5 Qb8 16. Nxd6 Qxd6 17. Rxe8 Rxe8 18. a5 Qg6 19. Nh4 Qe4 20. Be3 f5 21. Bd2
Qxh4 22. Qc1 Re2 23. Be1 f4 24. Kf1 Re8 25. f3 Qf6 26. Bd2 g5 27. Qb1 a6 28. b3
Bf5 29. Qb2 Bd3+ 30. Kg1 Re2 31. bxc4 dxc4 32. Re1 Rxe1+ 33. Bxe1 Nxa5 34. Qb4
Qe6 35. g3 Qxe1+ 36. Kh2 Qxg3+ 37. Kh1 Qxf3+ 38. Kh2 Qg3+ 39. Kh1 Be4# 0-1

[Event "Challenge"]
[Site "http://www.queenalice.com/game.php?id=254293"]
[Date "2007.8.11"]
[Round "-"]
[White "midnightcowboy"]
[Black "zemaria"]
[Result "0-1"]
[WhiteElo "1658"]
[BlackElo "1559"]

1. e4 e6 2. Bc4 Bc5 3. Nf3 f6 4. e5 d5 5. Bb3 f5 6. d4 Bb4+ 7. c3 Be7 8. Bg5
Bxg5 9. Nxg5 Qxg5 10. O-O Ne7 11. h4 Qxh4 12. f4 b6 13. Rf3 Qg4 14. Nd2 Ng6 15.
Nf1 Nxf4 16. Nh2 Qxg2# 0-1

[Event "Challenge"]
[Site "http://www.queenalice.com/game.php?id=254943"]
[Date "2007.8.13"]
[Round "-"]
[White "midnightcowboy"]
[Black "Sinja"]
[Result "0-1"]
[WhiteElo "1419"]
[BlackElo "1500"]

1. e4 Nf6 2. Nc3 e5 3. d3 Bb4 4. Bd2 d5 5. exd5 Bxc3 6. Bxc3 O-O 7. Bxe5 Re8 8.
f4 Nxd5 9. c4 Nxf4 10. d4 f6 11. Ne2 fxe5 12. Nxf4 exf4+ 13. Be2 Bg4 14. Kf2
Rxe2+ 15. Kf1 Qe7 16. Qd3 f3 17. gxf3 Bh3+ 18. Kg1 Qg5# 0-1

[Event "Midnight"]
[Site "http://www.queenalice.com/game.php?id=257620"]
[Date "2007.8.18"]
[Round "-"]
[White "foda"]
[Black "midnightcowboy"]
[Result "0-1"]
[WhiteElo "1158"]
[BlackElo "1478"]

1. e4 e5 2. Bc4 Qf6 3. Nf3 d6 4. d3 Be6 5. Bg5 Qg6 6. Bb5+ c6 7. Bc4 Bxc4 8. b3
Be6 9. O-O f6 10. Bh4 Nd7 11. Nc3 O-O-O 12. d4 Bg4 13. dxe5 dxe5 14. h3 Bxh3 15.
Nd5 Qxg2# 0-1